00480 a2200169 450000100060000002000180000604000220002410000160004624000310006224500260009330000070011936200090012665000350013594200070017095201160017799900170029359985 a9783125560031 cAnchieta - Pituba aBaier, Gabi10aVerschollen in Berlinlpor10aVerschollen in Berlin a480 a2011 4aLiteratura juvenil em alemàƒo cBK 00104070a91.1b91.1d2023-11-21l0oLJ 028.543 B152v BAI VERp11487/PITr2023-11-21 18:28:03w2023-11-21yBK c59985d59985